| 000 | 00682nam a2200229 i 4500 | ||
|---|---|---|---|
| 001 | 36905 | ||
| 003 | ES-MaACL | ||
| 005 | 20230906155450.0 | ||
| 007 | t| | ||
| 008 | 030219s1953 sp ||||1| spa d | ||
| 080 | _a82-311.2"19" | ||
| 100 | 1 |
_aBrown, Wenzell. _932024 |
|
| 245 | 1 | 0 |
_aKate : _bla mujer de Jamaica / _cWenzell Brown ; [traducción directa del inglés por Matilde de Rafael]. |
| 250 | _a1ª ed. | ||
| 260 |
_aBarcelona : _bAHR, _c1953 ( _fLa Académica) |
||
| 300 |
_a298 p. ; _c19 cm. |
||
| 490 | 1 | _aGrandes novelistas | |
| 700 | 1 |
_aRafael, Matilde de. _994951 |
|
| 830 | 1 |
_aGrandes novelistas _9181770 |
|
| 852 | 4 |
_aES-MaACL _jC-7896 |
|
| 999 |
_c36905 _d36905 |
||